<?xml version="1.0" encoding="UTF-8"?>
<collection xmlns="http://www.loc.gov/MARC21/slim">
 <record>
  <leader>01797nam a2200229Ia 4500</leader>
  <controlfield tag="001">CTU_216509</controlfield>
  <controlfield tag="008">210402s9999    xx            000 0 und d</controlfield>
  <datafield tag="020" ind1=" " ind2=" ">
   <subfield code="c">11.11</subfield>
  </datafield>
  <datafield tag="082" ind1=" " ind2=" ">
   <subfield code="a">808.042</subfield>
  </datafield>
  <datafield tag="082" ind1=" " ind2=" ">
   <subfield code="b">M223</subfield>
  </datafield>
  <datafield tag="100" ind1=" " ind2=" ">
   <subfield code="a">Maimon, Elaine P.</subfield>
  </datafield>
  <datafield tag="245" ind1=" " ind2="2">
   <subfield code="a">A writer's resource :</subfield>
  </datafield>
  <datafield tag="245" ind1=" " ind2="2">
   <subfield code="b">A handbook for writing and research</subfield>
  </datafield>
  <datafield tag="245" ind1=" " ind2="0">
   <subfield code="c">Elaine P. Maimon, Janice H. Peritz, Kathleen Blake Yancey</subfield>
  </datafield>
  <datafield tag="260" ind1=" " ind2=" ">
   <subfield code="a">New York</subfield>
  </datafield>
  <datafield tag="260" ind1=" " ind2=" ">
   <subfield code="b">McGraw-Hill</subfield>
  </datafield>
  <datafield tag="260" ind1=" " ind2=" ">
   <subfield code="c">2012</subfield>
  </datafield>
  <datafield tag="520" ind1=" " ind2=" ">
   <subfield code="a">A Writer's Resource is a tabbed version of the Maimon handbook and includes updated features like &quot;Start Smart&quot; which helps students know where to start and how to navigate all their common writing assignments. The Maimon handbooks support student and instructor success by consistently presenting and using the writing situation as a framework for beginning, analyzing and navigating any type of writing. Start Smart offers an easy, step-by-step process map to navigate three common types of writing assignments. Other new features support critical thinking and deeper understandings of common assignments. Its digital program addresses critical instructor and administrator needs – with adaptive diagnostic tools, individualized learning plans, peer review, and outcomes based assessment. Connect Composition will also fully integrate into the Blackboard CMS for single sign on and autosync for all assignment and grade book utilities.</subfield>
  </datafield>
  <datafield tag="650" ind1=" " ind2=" ">
   <subfield code="a">English language,Tiếnh Anh,Tiếnh Anh,English language</subfield>
  </datafield>
  <datafield tag="650" ind1=" " ind2=" ">
   <subfield code="x">Grammar,Handbooks, manuals, etc.,Hùng biện,Sổ tay, sách hướng dẫn, vv,Ngữ pháp,Sổ tay, sách hướng dẫn, vv,Rhetoric,Handbooks, manuals, etc.</subfield>
  </datafield>
  <datafield tag="904" ind1=" " ind2=" ">
   <subfield code="i">Qhieu -linh, sương</subfield>
  </datafield>
  <datafield tag="980" ind1=" " ind2=" ">
   <subfield code="a">Trung tâm Học liệu Trường Đại học Cần Thơ</subfield>
  </datafield>
 </record>
</collection>
